Statistical mechanics : (Record no. 10630)

MARC details
000 -LEADER
fixed length control field 01184nam a2200313 i 4500
003 - CONTROL NUMBER IDENTIFIER
control field EG-ScBUE
005 - DATE AND TIME OF LATEST TRANSACTION
control field 20250316094225.0
008 - FIXED-LENGTH DATA ELEMENTS--GENERAL INFORMATION
fixed length control field 090203s2006 enka f b 001 0 eng d
020 ## - INTERNATIONAL STANDARD BOOK NUMBER
International Standard Book Number 0198515367
020 ## - INTERNATIONAL STANDARD BOOK NUMBER
International Standard Book Number 9780198515364
040 ## - CATALOGING SOURCE
Original cataloging agency EG-ScBUE
Language of cataloging eng
Description conventions rda
Transcribing agency EG-ScBUE
Modifying agency EG-ScBUE
082 04 - DEWEY DECIMAL CLASSIFICATION NUMBER
Edition number 22
Classification number 530.13
Item number KRA
100 1# - MAIN ENTRY--PERSONAL NAME
9 (RLIN) 1983
Personal name Krauth, Werner,
Relator term author.
245 ## - TITLE STATEMENT
Title Statistical mechanics :
Remainder of title algorithms and computations /
Statement of responsibility, etc Werner Krauth, laboratoire de physique statistique, Ecole Normale Superieure, Paris.
264 #1 - PUBLICATION, DISTRIBUTION, ETC. (IMPRINT)
Place of publication, distribution, etc Oxford :
Name of publisher, distributor, etc Oxford University Press,
Date of publication, distribution, etc 2006.
300 ## - PHYSICAL DESCRIPTION
Extent xii, 342 pages :
Other physical details illustrations ;
Dimensions 26 cm. +
Accompanying material 1 CD
336 ## - CONTENT TYPE
Source rdacontent
Content type term text
Content type code txt
336 ## - CONTENT TYPE
Source rdacontent
Content type term sounds
Content type code snd
337 ## - MEDIA TYPE
Media type term unmediated
Source rdamedia
Media type code n
337 ## - MEDIA TYPE
Media type term audio
Source rdamedia
Media type code s
338 ## - CARRIER TYPE
Carrier type term volume
Carrier type code nc
Source rdacarrier
338 ## - CARRIER TYPE
Carrier type term computer disc
Carrier type code cd
Source rdacarrier
490 0# - SERIES STATEMENT
Series statement Oxford master series in statistical, computational, and theoretical physics
504 ## - BIBLIOGRAPHY, ETC. NOTE
Bibliography, etc Includes bibliographical references and index.
650 #7 - SUBJECT ADDED ENTRY--TOPICAL TERM
9 (RLIN) 1920
Topical term or geographic name as entry element Statistical mechanics.
Source of heading or term BUEsh
650 #7 - SUBJECT ADDED ENTRY--TOPICAL TERM
9 (RLIN) 1984
Topical term or geographic name as entry element Statistical physics.
Source of heading or term BUEsh
655 ## - INDEX TERM--GENRE/FORM
Form subdivision Reading book
942 ## - ADDED ENTRY ELEMENTS (KOHA)
Source of classification or shelving scheme Dewey Decimal Classification
Koha item type Book - Borrowing
Holdings
Withdrawn status Lost status Source of classification or shelving scheme Damaged status Not for loan Collection code Home library Current library Shelving location Date acquired Source of acquisition Cost, normal purchase price Serial Enumeration / chronology Total Checkouts Full call number Barcode Date last seen Price effective from Koha item type
    Dewey Decimal Classification     Alahram Central Library Central Library First floor 03/02/2009   275.70 6464   530.13 KRA 000014541 15/07/2025 03/02/2009 Book - Borrowing
    Dewey Decimal Classification     Alahram Central Library Central Library First floor 03/02/2009     6464   530.13 KRA 000014542 24/08/2022 03/02/2009 CD | DVD - With book